Poprad si zaslúži modernú železničnú stanicu

Bibliographic Details
Other Authors: Marová, Marta (Photographer)
Format: Article
Language:Slovak
PhysicalDescription:Fotogr.
Subjects:

MARC

LEADER 00000nab a2200000 ar4500
001 vtls008958467
003 SK-MaSNL
005 20260303214610.0
008 070323c2007 xo wr|p|||||||000 b|slo
038 |a PPPK 
040 |a PPPKCL  |b slo  |c PPPK  |e AACR2 
041 0 |a slo 
044 |a xo  |c SK 
080 |a 725.31  |2 1997 
080 |a 625.173  |2 1997 
245 0 0 |a Poprad si zaslúži modernú železničnú stanicu  |c [autor] (mar) ; foto Marta Marová 
300 |b Fotogr. 
610 2 7 |a Železničná stanica (Poprad-Tatry, Slovensko)  |2 pppkcl  |9 353454 
648 7 |a 2007  |2 pppkcl  |9 313226 
650 0 7 |a železničné stanice  |2 pppkcl  |9 30261 
650 0 7 |a železničné stavby  |2 pppkcl  |9 66647 
650 0 7 |a rekonštrukcie  |2 pppkcl  |9 24616 
650 0 7 |a modernizácia  |2 pppkcl  |9 3613 
651 7 |a Poprad (Slovensko)  |2 pppkcl  |9 20155 
700 1 |a Marová, Marta  |4 pht  |9 526962 
773 0 |t Poprad : noviny občanov mesta  |g Roč. XVIII, č. 17 (2007), s. 1 
852 |a PPPK  |b KIS3GCP 
999 |c 2217839  |d 2219769